Statistical Methods (Record no. 2648)

MARC details
000 -LEADER
fixed length control field 00372nam a22001697a 4500
005 - DATE AND TIME OF LATEST TRANSACTION
control field 20160614122425.0
008 - FIXED-LENGTH DATA ELEMENTS--GENERAL INFORMATION
fixed length control field 160614b xxu||||| |||| 00| 0 eng d
020 ## - INTERNATIONAL STANDARD BOOK NUMBER
ISBN 978-07-008327-1
041 ## - LANGUAGE CODE
Language code of text/sound track or separate title eng
082 ## - DEWEY DECIMAL CLASSIFICATION NUMBER
Item number 7438
100 ## - MAIN ENTRY--AUTHOR NAME
Personal name Das, N.G.
245 ## - TITLE STATEMENT
Title Statistical Methods
260 ## - PUBLICATION, DISTRIBUTION, ETC. (IMPRINT)
Name of publisher TMH
Year of publication 2009
300 ## - PHYSICAL DESCRIPTION
Number of Pages 902
650 ## - SUBJECT ADDED ENTRY--TOPICAL TERM
Topical Term Management
942 ## - ADDED ENTRY ELEMENTS (KOHA)
Koha item type Books
Holdings
Lost status Damaged status Collection code Home library Current library Shelving location Date acquired Full call number Accession Number Koha item type Source of acquisition
    MANAGEMENT JRU Library JRU Library SHELF-74-D 14/06/2016 7438 7438 Books  
    MANAGEMENT JRU Library JRU Library SHELF-74-D 14/06/2016 7438 7439 Books  
    MANAGEMENT JRU Library JRU Library SHELF-74-D 14/06/2016 7438 7440 Books PURCHASE
    MANAGEMENT JRU Library JRU Library SHELF-74-D 14/06/2016 7438 7441 Books